| 000 | 00544nam a2200157Ia 4500 | ||
|---|---|---|---|
| 008 | 230711s9999||||xx |||||||||||||| ||und|| | ||
| 041 | _aENG | ||
| 082 |
_a532 _bBU-I |
||
| 100 | _aBureau of Indian Standard | ||
| 245 | 0 |
_aIS : 6330 1971 _bRecommendation for liquid flow measurement in open channels by weirs and frames abd depth method for estimation of flow in rectangular channel with freefal (appriximate method) |
|
| 250 | _a1st | ||
| 260 |
_c1971 _aNew Delhi _bBureau of Indian Standard |
||
| 300 | _a12 | ||
| 650 | _aPhysics | ||
| 942 | _cBK | ||
| 999 |
_c1540 _d1540 |
||